000 00525nam a2200181Ia 4500
003 GCL
008 140319s9999 xx 000 0 ara d
040 _aGCL /
_cGCL
082 0 4 _a842
_bا ب
100 1 _aسامى الجندى (ترجمة)
245 1 0 _aبيت الارواح /
_cسامى الجندى (ترجمة)
700 1 _aالليندى, ايزابيل
300 _a415 ص
490 _a100 قصة
_v0
650 0 4 _aالادب الفرنسى
650 0 4 _aالمسرحيات الفرنسية
942 _2ddc
_cBK
999 _c46218
_d46218